00283nam a2200121Ia 4500008004100000100001900041245003200060260002700092300000800119650001000127942000700137999001700144190216s9999||||xx |||||||||||||| ||und|| aShusheel Kumar 0aHindi-Mridhathma A Sesamvad bRajdani Prakasanc2004 a112 aHindi cBK c16708d16708